Một số giải pháp nâng cao hiệu quả đào tạo kỹ năng mềm cho sinh viên Đại học Cần Thơ
Nội dung đề tài khảo sát thực trang tham gia học kỹ năng mềm của sinh trường ĐHCT. Phân tích các yếu tố ảnh hưởng đến việc tham gia học kỹ năng mềm của sinh viên. Đề xuất một số giải pháp nâng cao hiệu quả đào tạo và học tập kỹ năng mềm...
Bewaard in:
| Hoofdauteur: | |
|---|---|
| Formaat: | Boek |
| Taal: | Undetermined |
| Gepubliceerd in: |
Cần Thơ
Trường Đại học Cần Thơ
2014
|
| Onderwerpen: | |
| Tags: |
Voeg label toe
Geen labels, Wees de eerste die dit record labelt!
|
| Thư viện lưu trữ: | Trung tâm Học liệu Trường Đại học Cần Thơ |
|---|
| LEADER | 01296nam a2200217Ia 4500 | ||
|---|---|---|---|
| 001 | CTU_205250 | ||
| 008 | 210402s9999 xx 000 0 und d | ||
| 082 | |a 378.130 | ||
| 082 | |b D523 | ||
| 088 | |a T2014-16 | ||
| 100 | |a Vương, Quốc Duy | ||
| 245 | 0 | |a Một số giải pháp nâng cao hiệu quả đào tạo kỹ năng mềm cho sinh viên Đại học Cần Thơ | |
| 245 | 0 | |c Vương Quốc Duy (chủ nhiệm đề tài) ; Tham gia nghiên cứu: Lê Long Hậu ... [et al.] | |
| 260 | |a Cần Thơ | ||
| 260 | |b Trường Đại học Cần Thơ | ||
| 260 | |c 2014 | ||
| 520 | |a Nội dung đề tài khảo sát thực trang tham gia học kỹ năng mềm của sinh trường ĐHCT. Phân tích các yếu tố ảnh hưởng đến việc tham gia học kỹ năng mềm của sinh viên. Đề xuất một số giải pháp nâng cao hiệu quả đào tạo và học tập kỹ năng mềm cho sinh viên ĐHCT. | ||
| 650 | |a Student activities,Công tác xã hội của sinh viên,Hoạt động của sinh viên,Student social work,Soft skills,Kỹ năng mềm | ||
| 904 | |i Qhieu | ||
| 915 | |a KT | ||
| 980 | |a Trung tâm Học liệu Trường Đại học Cần Thơ | ||